| 000 | 00987nam a2200253Ia 4500 | ||
|---|---|---|---|
| 003 | OSt | ||
| 005 | 20220923215421.0 | ||
| 006 | a|||||r|||| 00| 0 | ||
| 007 | ta | ||
| 008 | 220922b |||||||| |||| 00| 0 hin d | ||
| 024 | _a178,567 | ||
| 037 | _cTextual | ||
| 040 |
_aARTS _cARTS _bhin |
||
| 041 |
_2hin _ahin |
||
| 082 | _aO152,1M81,2, L2 | ||
| 100 |
_aप्रेमी, मिर्जा अब्दुरहमान _9160376 |
||
| 245 | 0 | _aनख शिख, संपा इकबाल अहमद | |
| 246 | _aNakh shikha, sanpā0 ikabāl ahamada | ||
| 260 |
_aबम्बई _b महात्मा गांधी मेमोरियल रिसर्च सेन्टर प्रकाशन _c1972 |
||
| 300 |
_a111 पृ. _ccm. |
||
| 650 |
_aहिन्दी साहित्य _9156264 |
||
| 942 |
_hO152,1M81,2, L2 _cTEXL _2CC |
||
| 999 |
_c331949 _d331949 |
||